00508nam a22001337a 4500082001500000100001600015245005000031260004100081300001200122942000700134999001700141952010500158952011100263 a297.925WAQ aWaqar Ahmed aEminent Muslim Scientists the Quaid and Poets aKarachi:bRoyal Book Company,c1987. a106p. ; cBK c15436d15436 00104070aREFbREFd2016-05-12g90.00l0o297.925WAQ (Shelf -19B)p14053r2016-05-12 00:00:00yBK 00104070aQUESTCLbQUESTCLd2016-05-12g90.00l0o297.925WAQp14054r2016-05-12 00:00:00w2016-05-12yBK